00360 a2200109 4500001001000000005001700010008004100027245009800068100002200166773004500188999001700233ART_4693920260410162041.0260409a 10aAdecuación de la reglamentación del Régimen Simplificado para pequeños contribuyentes1 aBello, Alberto M.0 tImpuestosg- N°32 (jul. 2018)wREV45175 c34889d34889